| 000 | 00637nam a2200205 i 4500 | ||
|---|---|---|---|
| 001 | 94950 | ||
| 003 | ES-MaACL | ||
| 005 | 20230906181609.0 | ||
| 007 | t| | ||
| 008 | 050518s1976 sp ||||1| spa d | ||
| 100 | 1 |
_aLuft, Joseph. _974647 |
|
| 245 | 1 | 3 |
_aLa interacción humana / _cJoseph Luft; [traducción... Pedro R. Santidrián]. |
| 260 |
_aMadrid : _bMarova, _c1976. |
||
| 300 |
_a253 p. : _bil. ; _c18 cm. |
||
| 490 | 1 |
_aBiblioteca del Ecuador ; _v18 |
|
| 700 | 1 |
_aRodríguez Santidrián, Pedro. _9160710 |
|
| 830 | 0 |
_aBiblioteca del Ecuador ; _v18 _9184346 |
|
| 852 |
_aES-MaACL _jA-5787 _bR.94781 |
||
| 999 |
_c94950 _d94950 |
||